| 000 | 01383cad a22001935a 4500 | ||
|---|---|---|---|
| 001 | L154610 | ||
| 008 | 120105e2010 xxk f 000 0 eng d | ||
| 035 | _a(Sirsi) u154610 | ||
| 041 | 0 | _aeng | |
| 245 | 0 | 4 |
_aThe National Farmers Union Mutual Insurance Society Ltd v HSBC Insurance (UK) Ltd _h[electronic resource] |
| 260 | _c2010 | ||
| 520 | _a[2010] EWHC 773 (Comm), 19 April 2010. Both seller and buyer often insure a property between contract exchange and completion in case it is damaged or destroyed during that time. Claimant N insured a £1.81m property on behalf of the buyer and Defendant H on behalf of the vendor to cover the period between contract exchange and sales completion. Fire damaged the building but the deal went through. N sought a contribution from H. "Held": the HSBC policy did not cover the buyer because the NFU policy provided cover for it. No double insurance existed in relation to the buyer and NFU could not be awarded a contribution from HSBC on any basis. | ||
| 590 | _aKA | ||
| 650 | 2 | 4 | _aNATIONAL FARMERS UNION MUTUAL INSURANCE SOCIETY LTD V HSBC INSURANCE (UK ) LTD |
| 651 | 4 |
_aEngland and Wales _y1543- |
|
| 690 | _aPROPERTY-RESIDENTIAL PROPERTY-ACQUISITION AND DISPOSAL OF RESIDENTIAL PROPERTY | ||
| 856 | 4 | 0 |
_uhttps://www.bailii.org/ew/cases/EWHC/Comm/2010/773.html _zView the law report free of charge at www.bailii.org |
| 942 | _n0 | ||
| 999 |
_c113064 _d113064 |
||